skbl

Dr Suryya Kumar Bhuyan Library Web-OPAC
ডঃ সূৰ্য্য
কুমাৰ ভূঞা পুথিভঁৰাল ৱেব-অ'পেক

All Research Scholars are advised to clear the annual library fees to continue using Library Resources, Remote Access, Plagiarism Test and Library Clearance.

Cotton University Book Fair 2026

Adhunik Asamiya Kabita (Record no. 58449)

MARC details
000 -LEADER
fixed length control field 00562nam a2200205Ia 4500
001 - CONTROL NUMBER
control field 58556
008 - FIXED-LENGTH DATA ELEMENTS--GENERAL INFORMATION
fixed length control field 150511n ii |||gr||||Z||||||asm
020 ## - INTERNATIONAL STANDARD BOOK NUMBER
International Standard Book Number 13978-81-244-0015-9
082 ## - DEWEY DECIMAL CLASSIFICATION NUMBER
Classification number 891.41109
245 #0 - TITLE STATEMENT
Title Adhunik Asamiya Kabita
Statement of responsibility, etc. Purna Bhattacharjya
Medium Textual Documents
250 ## - EDITION STATEMENT
Edition statement 2nd edn.
260 ## - PUBLICATION, DISTRIBUTION, ETC.
Place of publication, distribution, etc. Guwahati
Name of publisher, distributor, etc. Chandra Prakash
Date of publication, distribution, etc. 2009.
300 ## - PHYSICAL DESCRIPTION
Extent 166pg:
Dimensions 23cm.
653 ## - INDEX TERM--UNCONTROLLED
Uncontrolled term Adhunik Asamiya Kabita
653 ## - INDEX TERM--UNCONTROLLED
Uncontrolled term Assamese
653 ## - INDEX TERM--UNCONTROLLED
Uncontrolled term Assamese Literature
653 ## - INDEX TERM--UNCONTROLLED
Uncontrolled term Deptt-Assamese
700 ## - ADDED ENTRY--PERSONAL NAME
Personal name Bhattacharjya,Purna .
942 ## - ADDED ENTRY ELEMENTS (KOHA)
Source of classification or shelving scheme Dewey Decimal Classification
Koha item type Books
Holdings
Withdrawn status Lost status Damaged status Not for loan Collection Home library Current library Shelving location Date acquired Coded location qualifier Cost, normal purchase price Total checkouts Full call number Barcode Date last seen Copy number Price effective from Koha item type
          Dr. Suryya Kumar Bhuyan Library Dr. Suryya Kumar Bhuyan Library   11/05/2015 00000 90.00   891.41109 Bh 469 Ad 6190/as 14/01/2024 1 11/05/2015 Books

Designed and Maintained by Team SKBL
©1901-2026

Powered by Koha